000
00307nam a2200133Ia 4500
005
20251222144800.0
008
251222s9999||||xx |||||||||||||| ||spa||
020
_a
88-87240-08-6
082
_a
922.2/L45
100
_a
Quadri, Mara
245
0
_a
Pietro Leoni
264
_b
La Casa di Matriona
942
_c
LIB
999
_c
19678
_d
19678